Norwich City Spanish Players - Statistics

General Stats
  • This quiz has been taken 8 times
  • The average score is 5 of 10
Answer Stats
Answer % Correct
Borja Sainz
100%
Xavi Quintillà
71%
Dani Pacheco
57%
Sergi Canós
57%
Carlos Cuéllar
43%
Daniel Ayala
43%
Javier Garrido
43%
Ignasi Miquel
29%
Juan Velasco
29%
Víctor Segura
0%
No matching quizzes found
Score Distribution
Percent of People with Each Score
Percentile by Number Answered
Your Score History
You have not taken this quiz